Lai lông Mương và Lai Mổng Mương Xuống Mường và trông mướng
v.v...
Đã lưu trong:
| Tác giả chính: | |
|---|---|
| Định dạng: | Sách |
| Năm xuất bản: |
H.
Thời đại
2014
|
| Chủ đề: | |
| Tags: |
Thêm thẻ
Không có thẻ, Hãy là người đầu tiên gắn thẻ bản ghi này!
|
| LEADER | 00954nam a2200193 4500 | ||
|---|---|---|---|
| 999 | |c 1203 |d 1203 | ||
| 082 | |a 398.209597 |b L103l. | ||
| 100 | |a La Quán Miên | ||
| 245 | |a Lai lông Mương và Lai Mổng Mương |b Xuống Mường và trông mướng |c La Quán Miên sưu tầm, dịch, giới thiệu | ||
| 260 | |a H. |b Thời đại |c 2014 | ||
| 300 | |a 143tr. |c 21cm | ||
| 520 | |a v.v... | ||
| 653 | |a Văn hóa dân gian%Dân tộc Mường%Việt Nam%Truyện cổ tích | ||
| 653 | |a Dân tộc Mường | ||
| 653 | |a Việt Nam | ||
| 653 | |a Truyện cổ tích | ||
| 942 | |2 ddc |c SH | ||
| 952 | |0 0 |1 0 |2 ddc |4 0 |6 398_209597000000000_L103L |7 0 |8 300 |9 21595 |a qbu |b qbu |c D2 |d 2014-12-05 |g 29000 |o 398.209597 L103l. |p 5761.c1 |w 2014-12-05 |y SH |0 0 |6 398_209597000000000_L103L |0 0 |6 398_209597000000000_L103L | ||
| 952 | |0 0 |1 0 |2 ddc |4 0 |6 398_209597000000000_L103L |7 0 |8 300 |9 77065 |a qbu |b qbu |c D2 |d 2015-06-10 |g 29000 |o 398.209597 L103l. |p 5761.c2 |w 2015-06-10 |y SH |0 0 |6 398_209597000000000_L103L | ||